000 00563nam a2200193Ia 4500
003 GCL
008 140319s9999 xx 000 0 ara d
040 _aGCL /
_cGCL
082 0 4 _aط
_b229.6
_bا م
100 1 _aامير سعيد السحار
245 1 0 _aنكران النعمة /
_cامير سعيد السحار
260 _a[S.N] :
_bمكتبة مصر
300 _aمتعدد
490 _aمن رياض الصالحين
_v0
650 0 4 _aالاطفال
650 0 4 _aقصص الاطفال
650 0 4 _aالقصص الدينية
942 _2ddc
_cBK
999 _c34676
_d34676